| 000 | 00946nas a2200301 4500 | ||
|---|---|---|---|
| 001 | BR2010003453 | ||
| 003 | BR-BrBNA | ||
| 005 | 20231205114147.0 | ||
| 007 | ta | ||
| 008 | 230509b bl.|||p| |||| 00| 00por d | ||
| 040 |
_aBR-BrBNA _bpor _cBiblioteca Nacional de Agricultura |
||
| 041 | _a(Pt) | ||
| 072 | _aF03; F61 | ||
| 100 | 1 | _aEvangelista, J.R.E. | |
| 100 | 1 | _aOliveira, J.A. | |
| 100 | 1 | _aBotelho, F.J.E. | |
| 100 | 1 | _aVilela, F. de | |
| 100 | 1 | _aCarvalho, B.O. | |
| 100 | 1 | _aOliveira, G.E. | |
| 245 | 1 | _aTratamento de sementes com enraizante e adubação foliar e seus efeitos sobre o desempenho da cultura do milho | |
| 650 | _aMILHO | ||
| 650 | _aTRATAMENTO DE SEMENTE | ||
| 650 | _aGERMINAÇÃO | ||
| 650 | _aADUBAÇÃO FOLIAR | ||
| 773 | 0 |
_tCiência e Agrotecnologia (Brazil) _xISSN 1413-7054 _g(Jan-Feb 2010), v. 34(1) p. 109-113 _wBR2010003453 |
|
| 909 |
_a202311 _bLúcia _c55 _dLúcia Elande |
||
| 942 |
_2AGRIS _n0 _cANA |
||
| 999 |
_c207354 _d207354 |
||